| 000 | 00582nam a2200193Ia 4500 | ||
|---|---|---|---|
| 003 | GCL | ||
| 008 | 140319s9999 xx 000 0 ara d | ||
| 040 |
_aGCL / _cGCL |
||
| 082 | 0 | 4 |
_a809.2 _bو م |
| 100 | 1 | _aولورث, جورج | |
| 245 | 1 | 0 |
_aمسرح الاحتجاج والتناقض / _cولورث, جورج |
| 700 | 1 | _aعبدالمنعم اسماعيل | |
| 300 | _a115 ص | ||
| 490 |
_aالثقافة المسرحية _v0 |
||
| 650 | 0 | 4 | _aالتأليف المسرحى |
| 650 | 0 | 4 | _aتاريخ ونقد |
| 650 | 0 | 4 | _aالمسرحيات الغربية |
| 942 |
_2ddc _cBK |
||
| 999 |
_c37662 _d37662 |
||